FOODS AND DRINKS #2 (french-english translation) - Statistiques

Statistiques générales
  • Ce quiz a été pris 376 fois
    250 depuis la dernière actualisation
  • Le résultat moyen est 24 sur 42
Statistiques - réponses
French Anglais % Correct
pomme apple
100%
banane banana
97%
orange orange
91%
fraise strawberry
91%
citron lemon
89%
melon melon / cantaloupe
87%
pêche peach
87%
cerise cherry
84%
noix de coco coconut
84%
avocat avocado
82%
mangue mango
82%
kiwi kiwi
81%
pastèque watermelon
81%
poire pear
80%
ananas pineapple
76%
raisin grape
74%
fruit de la passion passion fruit
72%
fruit du dragon dragon fruit (nicknamed as strawberry pear)
70%
olive olive
67%
myrtille blueberry
66%
litchi litchi / lychee
64%
abricot apricot
63%
citron vert lime
62%
framboise raspberry
61%
papaye papaya
55%
figue fig
42%
mûre blackberry / mulberry
40%
durian durian / durion
37%
clémentine clementine
36%
canneberge cranberry
36%
physalis physalis / cape gooseberry
29%
orange sanguine blood orange
28%
kumquat kumquat
27%
nectarine nectarine
26%
prune plum
22%
pamplemousse grapefruit
21%
goyave guava
15%
mandarine tangerine / mandarin orange
15%
grenade pomegranate
14%
cassis blackcurrant
9%
groseille redcurrant
8%
kaki persimmon
6%
Aucun quiz correspondant
Distribution des résultats
% des personnes avec chaque résultat
Percentile par nombre de réponses
Votre historique - résultats
Vous n’avez pas pris ce quiz depuis la dernière actualisation